| 000 | 00937 am a2200277ua 4500 | ||
|---|---|---|---|
| 001 | 011972002 | ||
| 005 | 20201124142929.0 | ||
| 008 | 830926t1982 xxua grbd 001 0 eng d | ||
| 020 | _a067509920X | ||
| 040 |
_aUk _cUk |
||
| 082 | 0 | 4 |
_a658.87 _222 _bLEW |
| 100 | 1 |
_aLewison, Dale M. _935071 |
|
| 245 | 1 | 0 |
_aRetailing : _bprinciples & practices / _cDale M. Lewison, M. Wayne DeLozier. |
| 246 | 3 | 3 |
_aRetailing : _bprinciples and practices |
| 260 |
_aColumbus, United States : _bCharles E. Merrill Publishing Company : _bA Bell & Howell Company, _cc.1982. |
||
| 300 |
_axiv, 546 p. : _bill ; _c27 cm. |
||
| 500 | _aIncludes appendix. | ||
| 500 | _aIncludes glossary. | ||
| 500 | _aIncludes indexes. | ||
| 504 | _aIncludes bibliographies. | ||
| 653 |
_bBUSADM _cFebruary2014 |
||
| 655 |
_vreading book _934232 |
||
| 690 | 7 |
_aManagement and Business Studies _2blcoll |
|
| 700 | 1 |
_aDeLozier, M. Wayne _935072 |
|
| 942 |
_2ddc _k658.87 LEW |
||
| 999 |
_c18028 _d18000 |
||